00567nam a2200157Ia 4500008004100000100002300041245007100064245005300135260004900188260000900237300001000246650001300256856004800269999001900317952007300336170221s9999 xx 000 0 und d aMary Beth Holbrook aCorporate social responsibility and earnings response coefficients cMary Beth Holbrook, Eastern Kentucky University. bJournal of Management and Marketing Research c2014 a3 : 2 xBusiness uhttp://www.aabri.com/manuscripts/131589.pdf c313215d313215 001040aCLbCLd2017-02-21l0r2017-02-21 00:00:00w2017-02-21yFOJ